000 00678nam a2200205Ii 4500
003 JO-AjNU
008 230605s9999||||xx |||||||||||||| ||und||
040 _aJO-AjNU
_bara
_erda
_cJO-AjNU
041 _aara
050 1 4 _aBP77.69.A7212.1978
100 3 _aاسد،محمد ، ماضي،منصور محمد/ترجمة,
_eauthor
_912984
245 0 0 _aمنهاج الإسلام في الحكم
250 _aط1
264 3 1 _aبيروت:دار العلم للملايين،1978
300 _a192ص
336 _atext
_btxt
_2rdacontent
337 _aunmediated
_bn
_2rdamedia
338 _avolume
_bnc
_2rdacarrier
650 4 _aالاسلام-الحكم في الاسلام
_912985
999 _aA3113
_c6681
_d6681